Sports Quiz

Random Sports or Baseball Quiz
Score 0/40 Timer 04:00
6 Plays Today
Year Player % Correct
2004David Ortiz
98.2%
2005David Ortiz
98.2%
2006David Ortiz
98.2%
2007David Ortiz
98.2%
2013David Ortiz
98%
2016David Ortiz
97.8%
2018J.D. Martinez
92.1%
2014VIctor Martinez
89.1%
2019Nelson Cruz
82.9%
1995Edgar Martinez
81.8%
1997Edgar Martinez
81.8%
2001Edgar Martinez
81.8%
2003Edgar Martinez
81.8%
1991Frank Thomas
79.3%
2000Frank Thomas
79.3%
2017Nelson Cruz
71.8%
2012Billy Butler
48.1%
1987Paul Molitor
46.8%
1988Paul Molitor
46.8%
1993Paul Molitor
46.8%
Year Player % Correct
1996Paul Molitor
46.8%
2015Kendrys Morales
42.7%
1980Reggie Jackson
37.1%
2002Manny Ramirez
36.1%
2011David Ortiz
35.5%
1999Rafael Palmeiro
35%
2009Adam Lind
31.8%
1992Dave Winfield
27.2%
1989Harold Baines
24.4%
2008Aubrey Huff
21.2%
1998Jose Canseco
20.5%
2010Vladimir Guerrero
15.3%
1983Don Baylor
14.3%
1985Don Baylor
14.3%
1986Don Baylor
14.3%
1982Hal McRae
11.4%
1994Julio Franco
9.2%
1984Andre Thornton
7.2%
1990Dave Parker
6.1%
1981Al Oliver
4.2%

You're not logged in!

Compare scores with friends on all Sporcle quizzes.
OR
Log In

Sporcle TV

Today on Sporcle TV


Watch our educational content, quiz creation guides, and fun videos on Sporcle TV.

Show Comments

Extras

Top Quizzes Today


Score Distribution

Paid Content

Your Account Isn't Verified!

In order to create a playlist on Sporcle, you need to verify the email address you used during registration. Go to your Sporcle Settings to finish the process.

Report this User

Report this user for behavior that violates our Community Guidelines.

Details: